000
002260000a22000970004500
100
1
_a
Wilcock, Michael
245
1
0
_a
All the right procedures
300
_a
Vol. 10, Núm 2 (1992), Páginas 3-5
773
0
_t
Evangel
942
_c
ANA
999
_c
54250
_d
54250